| 000 | 01029nam a2200289 i 4500 | ||
|---|---|---|---|
| 001 | 10423 | ||
| 003 | ES-MaACL | ||
| 005 | 20250808062707.0 | ||
| 007 | t| | ||
| 008 | 950612s1982 sp ||||1| spa d | ||
| 017 | _aM 16673-1982 | ||
| 020 | _a84-220-1051-8 | ||
| 080 | _a262.5 Vat.II | ||
| 100 | 0 |
_aJuan Pablo _bII _cPapa, Santo. _9162513 |
|
| 245 | 1 | 3 |
_aLa renovación en sus fuentes _b: sobre la aplicación del Concilio Vaticano II / _cKarol Wojtyla ; [traducción realizada por José Luis Legaza]. |
| 260 |
_aMadrid : _bLa Editorial Católica, _c1982. |
||
| 300 |
_aIX, 344 p., 1 h. ; _c20 cm. |
||
| 490 | 1 |
_aBiblioteca de autores cristianos ; _v430 |
|
| 500 | _aIndice. | ||
| 594 | _aTraducción de : U Podstaw odnowy : studium o realizacji Vaticanum II. | ||
| 611 | 0 | 4 |
_aConcilio Vaticano ( _n2º. _d1962-1965) _9122 |
| 700 | 0 |
_aLegaza, José Luis. _971265 |
|
| 830 | 0 | 0 |
_aBiblioteca de autores cristianos _v430 _9178679 |
| 852 |
_aES-MaACL _jJ-420 _9R.46092 |
||
| 999 |
_c10423 _d10423 |
||